LEADER 00811naa a2200205 u 4500 001 000000094449 003 CaOOAMICUS 005 20070226130138.0 008 040426s1975 it u000 u ita u 035 $a10991933 040 $aIAR$bita 100 1 $aViolante, Cinzio,$d1921-$0(OLS)http://pul/name/1223 245 12$aL'eremitismo /$cCinzio Violante. 250 $a2. ed.$briveduta e accresciuta. 260 $aMilano :$bVita e pensiero,$c1975. 300 $aS. 127-144, ;$c21 cm 773 0 $aStudi culla cristianità medioevale : Società, istituzioni, spiritualità. 773 0 $aViolante, Cinzio.$tStudi sulla cristianità medioevale : società istituzioni spiritualità$w()12503 996 $6245$aL'eremitismo$9(OLS)http://pul/title/121317 996 $6260$aMilano :$bVita e pensiero$9(OLS)http://pul/publisher/48016 LEADER 00934nam a2200241 u 4500 001 000000070837 003 CaOOAMICUS 005 20070226122050.0 008 020515s1879 it u000 u ita u 035 $a10929982 040 $aPUL(R)$bita 100 1 $aDe Dominicis, Francesco Saverio,$d1845-1930.$0(OLS)http://pul/name/47090 245 13$aLa pedagogia e il Darwinismo /$cS.F. De Dominicis. 260 $aNapoli :$bNicola Jovenne,$c1879. 300 $a96 p. ;$c20 cm 504 $aBibliografia in nota. 650 4$aEducazione e società.$0(OLS)http://pul/subject/10248 850 $aPUL 852 $aPUL$W1$xDP1 Antico 800$y27$m931 A 35$j91648$nBK-PRI$b $qStampati Antico$B91649$CPULBib$Z2$F91649 $H $81 941 1 $a15 961 $aINV: 13680 996 $6245$aLa pedagogia e il Darwinismo$9(OLS)http://pul/title/93309 996 $6260$aNapoli :$bNicola Jovenne$9(OLS)http://pul/publisher/73275